00372 2200157 4500001002100000005001500021035002000036245003800056100001000094300002600104260002800130082000800158084001400166020002200180990001200202INLIS00000000000299220250918073358 a0010-09250003391 aImpian Yang Sempurna /cMQ. Maria0 aMaria a408 hlm ;c13 x 19 cm aJakarta :bZettu,c2013 a813 a813 MAR i a978-602-7999-69-5 a0755641